| 000 | 00480nam a2200181Ia 4500 | ||
|---|---|---|---|
| 008 | 131103s9999 xx 000 0 und d | ||
| 040 | _aLoreto College | ||
| 041 | _aEnglish | ||
| 082 |
_a371.9/HUG _bLCBED/1378 |
||
| 100 | _aHughes, John M. | ||
| 245 | 4 |
_aThe slow learner in your class _cJohn M.Hughes |
|
| 260 |
_aLondon _bNelson _c1973 |
||
| 300 |
_avi,170p. _c 22cm. |
||
| 504 | _aNelson teacher texts | ||
| 650 | _aEducation | ||
| 850 | _aLCBED/371.9/HUG | ||
| 942 | _cBK | ||
| 999 |
_c25992 _d76471 |
||